Представление документа в формате MARC21

ПолеНазваниеЗначение
  Тип записи a
  Библиографический уровень m
001 Контрольный номер RU\infra-m\znanium\bibl\2170391
005 Дата корректировки 20260429142303.4
008 Кодируемые данные 260422s2024 RU g rus u
020 Индекс ISBN __
a ISBN 978-5-16-020358-4
020 Индекс ISBN __
a ISBN 978-5-16-104038-6 (электр. издание)
040 Источник каталогиз. __
a Служба первич. каталог. Общество с ограниченной ответственностью «ЗНАНИУМ»
041 Код языка издания __
a Код языка текста rus
044 Код страны публикации __
a Код страны публикации RU
080 Индекс УДК __
a Индекс УДК 549.905:552.14
084 Индекс другой классификации/Индекс ББК __
2 Источник индекса rubbk
a Индекс другой классификации/Индекс ББК 26.303
084 Индекс другой классификации/Индекс ББК __
2 Источник индекса okso
a Индекс другой классификации/Индекс ББК 05.00.00
084 Индекс другой классификации/Индекс ББК __
2 Источник индекса okso
a Индекс другой классификации/Индекс ББК 21.00.00
084 Индекс другой классификации/Индекс ББК __
2 Источник индекса okso
a Индекс другой классификации/Индекс ББК 05.03.01
084 Индекс другой классификации/Индекс ББК __
2 Источник индекса okso
a Индекс другой классификации/Индекс ББК 05.04.01
084 Индекс другой классификации/Индекс ББК __
2 Источник индекса okso
a Индекс другой классификации/Индекс ББК 21.05.02
100 Автор __
a Автор Япаскурт О.В.
q Полное имя Япаскурт Олег Васильевич
u Дополнение Московский государственный университет им. М.В. Ломоносова, Геологический факультет
245 Заглавие __
a Заглавие Генетическая минералогия и стадиальный анализ процессов осадочного породо- и рудообразования
b Продолж. заглавия Учебное пособие
c Ответственность Московский государственный университет им. М.В. Ломоносова, Геологический факультет
250 Сведения об издании __
g испр. и доп.
a Основные сведения об издании 2
260 Выходные данные __
a Место издания Москва
b Издательство ООО "Научно-издательский центр ИНФРА-М"
c Дата издания 2025
300 Физическое описание __
a Объем 356 с.
440 Серия __
a Серия Высшее образование
520 Аннотация __
a Аннотация Изложены сведения о методологии методике сущности и практической результативности фундаментального раздела литологии (науки об осадочных горных породах их генезисе и эволюции в геологической истории Земли) ее важнейшего научного направления — генетической минералогии осадочных образований континентов и океанов. Большое внимание концентрируется на минеральных парагенезах — индикаторах физико-химических (pH Eh Т и Р) обстановок осадко- породообразования и всевозможных внутрилитосферных породных изменений. Описаны также типоморфные кристаллохимические признаки многих минералов с учетом их принадлежности к определенным генетическим типам осадков фациям и осадочным геологическим формациям. Описаны конкретные примеры и приемы комплексного исследования минеральных парагенетических ассоциаций совместно с литолого-фациальными и стадиально-петрографическими реконструкциями условий формирования и постседиментационного изменения различных осадочных и вулканогенно-осадочных комплексов и свойственных им полезных ископаемых. На этих примерах читателю показано каким путем следует стремиться к научно обоснованным палеографическим и палеотектоническим заключениям. Попутно затронуты актуальные вопросы теории осадочного процесса. Для студентов магистрантов вузов и аспирантов обучающихся по направлению 05.04.01 «Геология»; а также для преподавателей университетов и научных работников — геологов геохимиков геофизиков.
521 Примеч. о цел. назн. __
a Примеч. о целев. назн. ВО - Магистратура
650 Тематические рубрики __
a Основная рубрика Науки о Земле. Экология
x Основная подрубрика Минералогия. Петрография
655 Указ. предметных рубрик (устаревшее) __
a Жанр/ форма (устаревшее) Учебное пособие
856 Электронный адрес документа 4_
a Имя сервера/домена znanium.ru
m Помощь ebs_support@infra-m.ru
n Местонахождение сервера НИЦ ИНФРА-М
u URL https://znanium.ru/catalog/document?id=452183
856 Электронный адрес документа 48
a Имя сервера/домена znanium.ru
d Путь /cover/2170
f Электронное имя 2170391.jpg
q Тип электронного формата image/jpeg
u URL https://znanium.ru/cover/2170/2170391.jpg
911 __
u 0030=https://znanium.ru/catalog/document?id=452183